<?xml version="1.0" encoding="UTF-8"?>
<collection xmlns="http://www.loc.gov/MARC21/slim">
 <record>
  <leader>10318nam a2200457 a 4500</leader>
  <controlfield tag="001">1/49494</controlfield>
  <controlfield tag="008">201022s2017    gr       b    00110 gre  </controlfield>
  <datafield tag="020" ind1=" " ind2=" ">
   <subfield code="a">9789605244798</subfield>
  </datafield>
  <datafield tag="035" ind1=" " ind2=" ">
   <subfield code="l">52503</subfield>
  </datafield>
  <datafield tag="040" ind1=" " ind2=" ">
   <subfield code="a">GR-PeUP</subfield>
  </datafield>
  <datafield tag="082" ind1="0" ind2="0">
   <subfield code="a">973.004893 ΚΑΡ</subfield>
  </datafield>
  <datafield tag="100" ind1="1" ind2=" ">
   <subfield code="a">Καρπόζηλος, Κωστής.</subfield>
  </datafield>
  <datafield tag="245" ind1="1" ind2="0">
   <subfield code="a">Κόκκινη Αμερική :</subfield>
   <subfield code="b">Έλληνες μετανάστες και το όραμα ενός νέου κόσμου, 1900-1950 /</subfield>
   <subfield code="c">Κωστής Καρπόζηλος.</subfield>
  </datafield>
  <datafield tag="260" ind1="0" ind2=" ">
   <subfield code="a">Ηράκλειο :</subfield>
   <subfield code="b">Πανεπιστημιακές Εκδόσεις Κρήτης,</subfield>
   <subfield code="c">2017.</subfield>
  </datafield>
  <datafield tag="300" ind1=" " ind2=" ">
   <subfield code="a">541 σ. :</subfield>
   <subfield code="b">εικ. ;</subfield>
   <subfield code="c">24 εκ.</subfield>
  </datafield>
  <datafield tag="490" ind1="1" ind2=" ">
   <subfield code="a">Ιστορία και Κοινωνία ;</subfield>
  </datafield>
  <datafield tag="500" ind1=" " ind2=" ">
   <subfield code="a">Πρόσθετος Τίτλος: Έλληνες μετανάστες και το όραμα ενός νέου κόσμου, 1900-1950.</subfield>
  </datafield>
  <datafield tag="500" ind1=" " ind2=" ">
   <subfield code="a">Περιεχόμενα: Μέρος 1. Ριζοσπάστες δύο κόσμων (1900-1921) -- Εργάτες του κόσμου -- &quot;Εργάτες του κόσμου, ενωθείτε!&quot; -- Τσάροι, σκλάβοι και αμερικανικές σημαίες -- Η ριζοσπαστική διασπορά --Οργάνωσις: διαφωτιστικός σοσιαλισμός -- Επαναστάτες στη Νέα Υόρκη -- Η Επανάσταση μας χτυπάει την πόρτα: Η Φωνή τον Εργάτου -- Μεγάλες προσδοκίες και μεγάλες διαψεύσεις -- Μέρος 2. Το πρόβλημα της ταξισυνειδησίας (1921-1929) -- &quot;Γίνετε Αμερικανοί!&quot;: κομματικός εξαμερικανισμός -- Ελληνικός διασπορικός κομμουνισμός -- Κομματική ζωή και εργατική εκπαίδευση --Αισθήματα εναντίον ταξισυνειδησίας -- Τάξη και έθνος στη &quot;γουναρομαρκέτα&quot; -- Το κοινό έθνος εργοδοτών και γουνεργατών -- 1919-1929: μια δεκαετία διόλου επαναστατική -- Μέρoς 3. Κρίση και επανάσταση (1929-1934) -- Το δόγμα της αρθρίτιδας -- Κοινοτικοί κλυδωνισμοί -- Δραχμοποίηση και τραπεζικοί πανικοί -- Νηστικοί και επαναστάτες: τα συμβούλια των ανέργων --Εργατική αλληλοβοήθεια -- Σοβιετική Αμερική -- Νιου Ντιλ: μια νέα συμφωνία στο προσκήνιο -- Μεγάλη αναταραχή: οι αυθόρμητες απεργίες του 1934 -- Μέρος. 4. Πόλωση και συμβιβασμοί (1935-1940) - Κόκκινες, αμερικανικές και ελληνικές σημαίες - Λαϊκά Μέτωπα στις μεταναστευτικές κοινότητες - Εργατικές ιστορίες - Ατσαλάδες - Βιομηχανική βία - Μια ελληνική ιστορία -- Λόκαλ 70: &quot;το καμάρι των Ελλήνων της Αμερικής&quot; -- Αντιφασιστική διασπορά -- Η Ελληνική Δημοκρατική Ένωση -- Αμερικανικός αντιφασισμός και ελληνικός αντιμεταξισμός -- Συντηρητικός ριζοσπαστισμός -- Το ρολόι του χρόνου: στις παραμονές του μέλλοντος -- Μέρος 5. Σχεδιάζοντας το μέλλον (1940-1945) -- Είμαστε όλοι Αμερικανοί --Οράματα του Νέου Κόσμου -- Διπλοί πρέσβεις -- Το ΕΑΜ στις Ηνωμένες Πολιτείες -- Ο αμερικανικός κομμουνισμός αντιμέτωπος με την Ιστορία -- Η διάψευση του Δεκέμβρη: Πλατεία Συντάγματος -- Ο ελληνικός Δεκέμβρης στις Ηνωμένες Πολιτείες -- Μέρος 6. Το έθνος του ψυχρού πολέμου (1945-1956) -- Στη δίνη της Ιστορίας: η μεγάλη μετάβαση -- Πρώην σύντροφοι --Φιλελεύθεροι σε κρίση -- Υπό παρακολούθηση -- Αντικομμουνιστική Διεθνής: Ελλάδα και Ηνωμένες Πολιτείες -- Η τελευταία σελίδα -- Η τελευταία σελίδα: αντικομμουνισμός -- Η τελευταία σελίδα: Ελληνικός Εμφύλιος -- Η τελευταία σελίδα: μία τηλεόραση για όλους -- Κατάλογος των κυριότερων οργανώσεων και εφημερίδων -- Πηγές εικόνων -- Πηγές-Βιβλιογραφία -- Ευρετήριο.</subfield>
  </datafield>
  <datafield tag="500" ind1=" " ind2=" ">
   <subfield code="a">Περίληψη: Στη σελίδα 335 αυτού του βιβλίου υπάρχει μια φωτογραφία. Είναι η χορωδία του Ελληνικού Εργατικού Εκπαιδευτικού Συνδέσμου της Νέας Υόρκης τη δεκαετία του 1930. Ποια ήταν, άραγε, η κινητοποιητική δύναμη που έκανε μετανάστες και μετανάστριες να τραγουδούν επαναστατικούς ύμνους στις Ηνωμένες Πολιτείες; Αυτό είναι το ερώτημα που διατρέχει την αφήγηση της Κόκκινης Αμερικής. Εστιάζοντας το ενδιαφέρον του στην ιστορία της αμερικανικής Αριστεράς, από τις αρχές του 20ού αιώνα έως και τα χρόνια του Ψυχρού Πολέμου, το βιβλίο αναδεικνύει τα πολλαπλά νήματα που συνέδεαν τις ιδέες της ριζικής κοινωνικής μεταβολής με τους μετασχηματισμούς της καθημερινότητας των μεταναστευτικών πληθυσμών. Η ιστορία της ελληνοαμερικανικής Αριστεράς φωτίζει την πολλαπλότητα της μεταναστευτικής εμπειρίας και υπογραμμίζει τα όρια των στερεοτύπων γύρω από τους Έλληνες μετανάστες στις Ηνωμένες Πολιτείες. Ταυτόχρονα, ωστόσο, η διαδρομή αυτή μας επιτρέπει να ξανασκεφτούμε γύρω από κάτι ευρύτερο: τις προσδοκίες και τις διαψεύσεις των επαναστατικών βεβαιοτήτων και τη θέση των Ηνωμένων Πολιτειών στην πολιτική φαντασία των ριζοσπαστών του 20ού αιώνα. Η Κόκκινη Αμερική δεν αφηγείται μια ιστορία επιτυχίας. Την ίδια στιγμή, όμως, μέσα από τις συναρπαστικές διαδρομές των μεταναστών που πίστεψαν στην επανάσταση, ανασυγκροτεί τους τρόπους με τους οποίους το ιστορικό απρόβλεπτο συνδιαλέγεται με την αναζήτηση ενός Νέου Κόσμου.-- Παρέχεται από τον εκδότη.</subfield>
  </datafield>
  <datafield tag="504" ind1=" " ind2=" ">
   <subfield code="a">Περιλαμβάνει βιβλιογραφικές παραπομπές (σ. 503-519) και ευρετήριο.</subfield>
  </datafield>
  <datafield tag="650" ind1=" " ind2="4">
   <subfield code="a">Μετανάστες</subfield>
   <subfield code="z">Ηνωμένες Πολιτείες</subfield>
   <subfield code="x">Ιστορία</subfield>
   <subfield code="y">20ός αιώνας.</subfield>
  </datafield>
  <datafield tag="650" ind1=" " ind2="4">
   <subfield code="a">Μετανάστες</subfield>
   <subfield code="z">Ελλάδα</subfield>
   <subfield code="y">20ος αιώνας.</subfield>
  </datafield>
  <datafield tag="650" ind1=" " ind2="4">
   <subfield code="a">Έλληνες</subfield>
   <subfield code="z">Ηνωμένες Πολιτείες</subfield>
   <subfield code="x">Ιστορία</subfield>
   <subfield code="y">20ός αιώνας.</subfield>
  </datafield>
  <datafield tag="650" ind1=" " ind2="4">
   <subfield code="a">Έλληνες</subfield>
   <subfield code="z">Ηνωμένες Πολιτείες</subfield>
   <subfield code="x">Πολιτική και διακυβέρνηση</subfield>
   <subfield code="y">20ός αιώνας.</subfield>
  </datafield>
  <datafield tag="650" ind1=" " ind2="4">
   <subfield code="a">Κομμουνισμός</subfield>
   <subfield code="z">Ηνωμένες Πολιτείες Αμερικής</subfield>
   <subfield code="x">Ιστορία</subfield>
   <subfield code="y">20ός αιώνας.</subfield>
  </datafield>
  <datafield tag="650" ind1=" " ind2="4">
   <subfield code="a">Κομμουνισμός</subfield>
   <subfield code="z">Ελλάδα</subfield>
   <subfield code="x">Ιστορία</subfield>
   <subfield code="y">20ός αιώνας.</subfield>
  </datafield>
  <datafield tag="650" ind1=" " ind2="4">
   <subfield code="a">Εργατική τάξη</subfield>
   <subfield code="z">Ελλάδα.</subfield>
  </datafield>
  <datafield tag="650" ind1=" " ind2="4">
   <subfield code="a">Εργατική τάξη</subfield>
   <subfield code="z">Ηνωμένες Πολιτείες Αμερικής</subfield>
   <subfield code="x">Ιστορία</subfield>
   <subfield code="y">20ός αιώνας.</subfield>
  </datafield>
  <datafield tag="650" ind1=" " ind2="4">
   <subfield code="a">Εργατικό κίνημα</subfield>
   <subfield code="z">Ηνωμένες Πολιτείες Αμερικής</subfield>
   <subfield code="x">Ιστορία</subfield>
   <subfield code="y">20ός αιώνας.</subfield>
  </datafield>
  <datafield tag="650" ind1=" " ind2="4">
   <subfield code="a">Εργατικό κίνημα</subfield>
   <subfield code="z">Ελλάδα</subfield>
   <subfield code="x">Ιστορία</subfield>
   <subfield code="y">20ός αιώνας.</subfield>
  </datafield>
  <datafield tag="650" ind1=" " ind2="4">
   <subfield code="a">Immigrants</subfield>
   <subfield code="z">Greece</subfield>
   <subfield code="y">20th century.</subfield>
  </datafield>
  <datafield tag="650" ind1=" " ind2="4">
   <subfield code="a">Immigrants</subfield>
   <subfield code="x">Social conditions</subfield>
   <subfield code="z">Greece.</subfield>
  </datafield>
  <datafield tag="650" ind1=" " ind2="4">
   <subfield code="a">Greeks</subfield>
   <subfield code="z">United States</subfield>
   <subfield code="x">Politics and government</subfield>
   <subfield code="y">20th century.</subfield>
  </datafield>
  <datafield tag="650" ind1=" " ind2="4">
   <subfield code="a">Immigrants</subfield>
   <subfield code="z">United States</subfield>
   <subfield code="x">History</subfield>
   <subfield code="y">20th century.</subfield>
  </datafield>
  <datafield tag="650" ind1=" " ind2="4">
   <subfield code="a">Communism</subfield>
   <subfield code="x">History.</subfield>
  </datafield>
  <datafield tag="650" ind1=" " ind2="4">
   <subfield code="a">Communist.</subfield>
  </datafield>
  <datafield tag="651" ind1=" " ind2="4">
   <subfield code="a">Ηνωμένες Πολιτείες</subfield>
   <subfield code="x">Κοινωνικές συνθήκες</subfield>
   <subfield code="y">20ός αιώνας.</subfield>
  </datafield>
  <datafield tag="651" ind1=" " ind2="4">
   <subfield code="a">Ελλάδα</subfield>
   <subfield code="x">Κοινωνικές συνθήκες</subfield>
   <subfield code="y">20ός αιώνας.</subfield>
  </datafield>
  <datafield tag="830" ind1=" " ind2=" ">
   <subfield code="a">Ιστορία και Κοινωνία.</subfield>
  </datafield>
  <datafield tag="852" ind1=" " ind2=" ">
   <subfield code="a">INST</subfield>
   <subfield code="b">UNIPILB</subfield>
   <subfield code="c">MAIN</subfield>
   <subfield code="e">20201022</subfield>
   <subfield code="h">973.004893 ΚΑΡ</subfield>
   <subfield code="p">00183682</subfield>
   <subfield code="q">00183682</subfield>
   <subfield code="t">LOAN</subfield>
   <subfield code="y">0</subfield>
   <subfield code="4">1</subfield>
  </datafield>
  <datafield tag="852" ind1=" " ind2=" ">
   <subfield code="a">INST</subfield>
   <subfield code="b">UNIPILB</subfield>
   <subfield code="c">MAIN</subfield>
   <subfield code="e">20201023</subfield>
   <subfield code="h">973.004893 ΚΑΡ</subfield>
   <subfield code="p">00183683</subfield>
   <subfield code="q">00183683</subfield>
   <subfield code="t">LOAN</subfield>
   <subfield code="y">0</subfield>
   <subfield code="4">2</subfield>
  </datafield>
 </record>
</collection>
